[Event "GER-ch Net blitz qual4"]
[Site "Playchess.com INT"]
[Date "2021.05.10"]
[Round "11"]
[White "Neusuess, Willi"]
[Black "Meister, Hubert"]
[Result "1-0"]
[WhiteElo "1312"]
[BlackElo "1359"]
[PlyCount "85"]
[EventDate "2021.05.10"]
[EventType "swiss (blitz)"]
[EventRounds "11"]
[EventCountry "GER"]
[SourceTitle "CBM 202 Extra"]
[Source "ChessBase"]
[SourceDate "2021.07.31"]
[SourceVersion "1"]
[SourceVersionDate "2021.07.31"]
[SourceQuality "1"]

1. d4 Nf6 2. e3 e6 3. f3 d5 4. Bd3 c5 5. c3 Nc6 6. Qe2 cxd4 7. exd4 Be7 8. f4 h6 9. Nf3 Ne4 10. 0-0 Bf6 11. Nbd2 0-0 12. Nxe4 dxe4 13. Qxe4 g6 14. Ne5 Nxe5 15. fxe5 Bg7 16. Bd2 Bd7 17. Rf2 Bc6 18. Qg4 Qe7 19. Raf1 Bd5 20. b3 a6 21. Bc1 Rac8 22. Bb2 Bc6 23. c4 Bd7 24. Bc1 b5 25. Qe2 bxc4 26. Bxc4 Bb5 27. Bb2 Bxc4 28. bxc4 Qg5 29. Bc3 Qe7 30. Qd2 Rxc4 31. Rc1 Rcc8 32. Rff1 Rc7 33. Bb4 Qd8 34. Bxf8 Bxf8 35. Rxc7 Qxc7 36. Rc1 Qe7 37. Rc2 Qb7 38. Rb2 Qe7 39. Qf2 Qd7 40. Qe2 Qd5 41. Qe3 Qd7 42. Qd2 Qe7 43. Qd3 1-0

[Event "GER-ch Net blitz qual2"]
[Site "Playchess.com INT"]
[Date "2021.05.04"]
[Round "11"]
[White "Meister, Hubert"]
[Black "Hein, Ralf1111"]
[Result "0-1"]
[WhiteElo "1376"]
[BlackElo "1666"]
[PlyCount "56"]
[EventDate "2021.05.04"]
[EventType "swiss (blitz)"]
[EventRounds "11"]
[EventCountry "GER"]
[SourceTitle "CBM 202 Extra"]
[Source "ChessBase"]
[SourceDate "2021.07.31"]
[SourceVersion "1"]
[SourceVersionDate "2021.07.31"]
[SourceQuality "1"]

1. Nf3 d5 2. d4 c5 3. dxc5 Nc6 4. e3 e5 5. Nc3 Nf6 6. Be2 Bxc5 7. a3 0-0 8. b4 Bb6 9. 0-0 d4 10. exd4 exd4 11. Na2 Bf5 12. Bd3 Bg6 13. Bxg6 fxg6 14. Bb2 a6 15. Rb1 Qd7 16. Nc1 Rad8 17. Qd3 Qg4 18. h3 Qh5 19. Ne2 Nd5 20. Ng3 Nf4 21. Nxh5 Nxd3 22. cxd3 gxh5 23. Ng5 Rd6 24. h4 Ne5 25. Ne4 Rg6 26. g3 Nxd3 27. Ba1 Nf4 28. Ng5 Ne2+ 0-1

[Event "GER-ch Net blitz qual2"]
[Site "Playchess.com INT"]
[Date "2021.05.04"]
[Round "5"]
[White "Sato, Kai Nathan"]
[Black "Meister, Hubert"]
[Result "1-0"]
[WhiteElo "1630"]
[BlackElo "1376"]
[PlyCount "97"]
[EventDate "2021.05.04"]
[EventType "swiss (blitz)"]
[EventRounds "11"]
[EventCountry "GER"]
[SourceTitle "CBM 202 Extra"]
[Source "ChessBase"]
[SourceDate "2021.07.31"]
[SourceVersion "1"]
[SourceVersionDate "2021.07.31"]
[SourceQuality "1"]

1. e4 e5 2. Qh5 Nf6 3. Qxe5+ Be7 4. Nc3 Nc6 5. Qg3 0-0 6. Bb5 h6 7. Bxc6 dxc6 8. d3 Be6 9. Nge2 Nh5 10. Qf3 Bg5 11. Qxh5 Qe7 12. Bxg5 Qxg5 13. Qxg5 hxg5 14. 0-0 f6 15. h3 Rad8 16. Ng3 Rfe8 17. Rfe1 b5 18. Nf5 a6 19. a3 c5 20. Rad1 c4 21. dxc4 bxc4 22. Nd4 Bf7 23. Nc6 Rd6 24. Rxd6 cxd6 25. Rd1 Rc8 26. Ne7+ Kf8 27. Nxc8 Bg6 28. Nxd6 Ke7 29. Nxc4 Ke6 30. Nd5 Kf7 31. f3 Kg8 32. Nc7 a5 33. Nxa5 Kh7 34. b4 Bf7 35. b5 Bg6 36. b6 f5 37. exf5 Bxf5 38. b7 g4 39. b8Q gxh3 40. Qf8 Bg6 41. Rd8 Kh6 42. f4 Kh5 43. Qh8+ Kg4 44. Qxh3+ Kxf4 45. Rd4+ Ke5 46. Qe3+ Kf6 47. Qe6+ Kg5 48. Rg4+ Kh6 49. Qxg6# 1-0

[Event "GER-ch Net blitz qual1"]
[Site "Playchess.com INT"]
[Date "2021.04.24"]
[Round "5"]
[White "Meister, Hubert"]
[Black "Neusuess, Willi"]
[Result "0-1"]
[WhiteElo "1454"]
[BlackElo "1672"]
[PlyCount "88"]
[EventDate "2021.04.24"]
[EventType "swiss (blitz)"]
[EventRounds "11"]
[EventCountry "GER"]
[SourceTitle "CBM 202 Extra"]
[Source "ChessBase"]
[SourceDate "2021.07.31"]
[SourceVersion "1"]
[SourceVersionDate "2021.07.31"]
[SourceQuality "1"]

1. c4 g6 2. Nc3 Bg7 3. d4 e6 4. Nf3 Ne7 5. e3 d6 6. Bd2 0-0 7. Be2 b6 8. 0-0 Bb7 9. c5 d5 10. cxb6 axb6 11. Ne5 Qd6 12. Nb5 Qd8 13. Bb4 c6 14. Bxe7 Qxe7 15. Nc3 Nd7 16. Nxd7 Qxd7 17. e4 f5 18. e5 b5 19. a3 Bh6 20. f4 Bg7 21. Bf3 Qf7 22. Qe2 Ra5 23. b4 Raa8 24. a4 Ba6 25. a5 Rad8 26. Qb2 Bh6 27. Qd2 Qe7 28. Rac1 Qxb4 29. g3 Rc8 30. Qa2 Qe7 31. Ne2 Qb7 32. Rb1 b4 33. Rfc1 Bd3 34. Rb2 Bc4 35. Qb1 Qc7 36. Rxb4 Rcd8 37. Ra4 Ra8 38. Qa1 Rfb8 39. a6 Ra7 40. Nc3 Qc8 41. Be2 Bxe2 42. Nxe2 Rba8 43. Nc3 Rxa6 44. Rxa6 Rxa6 0-1

[Event "GER-ch Net Amateur Gr-C Vor1"]
[Site "Playchess.com INT"]
[Date "2020.04.14"]
[Round "9"]
[White "Meister, Hubert"]
[Black "Fuhrmann, Berndt"]
[Result "0-1"]
[WhiteElo "1620"]
[BlackElo "1620"]
[PlyCount "54"]
[EventDate "2020.04.14"]
[EventType "swiss (blitz)"]
[EventRounds "9"]
[EventCountry "GER"]
[SourceTitle "CBM 196 Extra"]
[Source "ChessBase"]
[SourceDate "2020.07.31"]
[SourceVersion "1"]
[SourceVersionDate "2020.07.31"]
[SourceQuality "1"]

1. e4 e5 2. Bc4 Nf6 3. Nc3 d6 4. Nf3 Be6 5. Bxe6 fxe6 6. d4 Nc6 7. dxe5 Ng4 8. 0-0 dxe5 9. h3 Nf6 10. Be3 Bd6 11. Nd5 Nxd5 12. exd5 exd5 13. Re1 Qe7 14. a3 0-0-0 15. Bg5 Qe6 16. Bxd8 Nxd8 17. b3 e4 18. Nd4 Qe5 19. Qg4+ Ne6 20. Nxe6 h5 21. Qg3 Qxe6 22. Qxg7 Rg8 23. Qd4 c5 24. Qe3 Qg6 25. g3 d4 26. Qe2 h4 27. Kf1 hxg3 0-1